000 00770nam a22001817a 4500
005 20120323120134.0
020 _c180.00
_a8127200670
035 _aB-83156
037 _b
_adpl
082 _a304.6
100 _aचान्दना,आर.सी.
_944152
245 1 _aजनसंख्या भूगोल /
_cआर.सी.चान्दना
260 _aनई दिल्ली
_bकल्याणी पब्लि.
_c2004
270 _a
_b
_e
_k
300 _a389पृ.
_c22सेमी (अजिल्द)
942 _adpl
_cHN
_k
_2ddc
_h304.6
_mचान्दना
999 _c64282
_d64282